Statistics for 10 Largest Ancestry Groups In The U.S.

Click here to take the quiz!

General Stats

  • This quiz has been taken 207 times
  • The average score is 8 of 10

Answer Stats

Rank% Total Pop.Ethnicity% Correct
#114.7%German
98%
#57.8%English
91%
#73.1%French
91%
#410.6%Irish
90%
#65.5%Italian
90%
#310.9%Mexican
82%
#101.6%Puerto Rican/Native American/Indian/Alaskan/Native
78%
#82.8%Polish
73%
#212.3%African/Black
65%
#91.7%Scottish
57%

Score Distribution

Percentile by Number Answered

Percent of People with Each Score

Your Score History

You have not taken this quiz